| 000 | 00761nam a2200229Ia 4500 | ||
|---|---|---|---|
| 003 | GCL | ||
| 008 | 140319s9999 xx 000 0 ara d | ||
| 040 |
_aGCL / _cGCL |
||
| 082 | 0 | 4 |
_aق _b962.16 _bط ف |
| 100 | 1 | _aمصطفى السقا | |
| 245 | 1 | 0 |
_aالفضائل الباهرة فى محاسن مصر والقاهرة / _cمصطفى السقا |
| 700 | 1 | _aكامل المهندس | |
| 700 | 1 | _aابن ظهيره : جلال الدين ابو السعادات محمد بن محمد بن محمد بن الحسن المخزومى المكى | |
| 300 | _a345 ص | ||
| 490 | _a | ||
| 650 | 0 | 4 | _aمصر |
| 650 | 0 | 4 | _aتاريخ |
| 650 | 0 | 4 | _aالمراكز الطبية |
| 650 | 0 | 4 | _aالمحافظات |
| 650 | 0 | 4 | _aالخلجان |
| 942 |
_2ddc _cBK |
||
| 999 |
_c38754 _d38754 |
||